000 00640nam a2200181Ia 4500
008 151018s9999 xx 000 0 und d
082 _bRBASDV60064
_a891.434
100 _aश्यामा प्रसाद
245 _aभारत गरीब क्यों
250 _b1
260 _bराष्ट्रीय साहित्य प्रकाशन
_c2011
300 _a24
600 _aश्यामा प्रसाद
630 _aभारत गरीब क्यों
700 _aश्यामा प्रसाद
730 _aभारत गरीब क्यों
942 _cBOOK
999 _c1053657
_d1053654